Visualização normal
Visualização MARC
- FERRER, Eliete
Entrada Nome Pessoal
Número de registros usados em: 1
001 - CONTROL NUMBER
- control field: 1664
003 - CONTROL NUMBER IDENTIFIER
- control field: BR-BrCADE
005 - DATE AND TIME OF LATEST TRANSACTION
- control field: 20191018084902.0
008 - FIXED-LENGTH DATA ELEMENTS
- fixed length control field: 191018|| aca||aabn | a|a d
040 ## - CATALOGING SOURCE
- Original cataloging agency: BR-BrCADE
100 1# - HEADING--PERSONAL NAME
- Personal name: FERRER, Eliete